[Event "Hillerod-ch D"]
[Site "Hillerod"]
[Date "2022.05.15"]
[Round "1"]
[White "Pedersen, Jan2222"]
[Black "Hein, Jacob"]
[Result "0-1"]
[WhiteElo "1446"]
[BlackElo "1506"]
[PlyCount "50"]
[EventDate "2022.05.15"]
[EventType "tourn"]
[EventRounds "5"]
[EventCountry "DEN"]
[SourceTitle "EXT 2024"]
[Source "ChessBase"]
[SourceDate "2023.10.10"]
[SourceVersion "1"]
[SourceVersionDate "2023.10.10"]
[SourceQuality "1"]

1. d4 Nf6 2. c4 g6 3. Nf3 c6 4. e3 Bg7 5. Bd3 d6 6. 0-0 Bg4 7. Be2 Qc8 8. Nc3 Na6 9. a3 h5 10. b4 c5 11. Bb2 Qd7 12. b5 Nc7 13. a4 a5 14. h3 Bxh3 15. gxh3 Qxh3 16. dxc5 Ng4 17. cxd6 Be5 18. dxc7 Bh2+ 19. Kh1 Bxc7+ 20. Kg1 Bh2+ 21. Kh1 Bd6+ 22. Kg1 Rd8 23. Qe1 Bh2+ 24. Kh1 Nxe3 25. Nxh2 Qg2# 0-1

[Event "DEN-ch Seniors 50"]
[Site "Logumkloster"]
[Date "2020.02.13"]
[Round "5"]
[White "Beckovic, Dzano"]
[Black "Hein, Jacob"]
[Result "1-0"]
[WhiteElo "1691"]
[BlackElo "1418"]
[PlyCount "101"]
[EventDate "2020.02.09"]
[EventType "swiss"]
[EventRounds "7"]
[EventCountry "DEN"]
[SourceTitle "EXT 2021"]
[Source "ChessBase"]
[SourceDate "2020.10.23"]
[SourceVersion "1"]
[SourceVersionDate "2020.10.23"]
[SourceQuality "1"]

1. f4 d5 2. e3 Nf6 3. Be2 b6 4. c3 Bb7 5. d4 Bc6 6. Nf3 Nbd7 7. Ne5 Nxe5 8. fxe5 Ne4 9. Bf3 e6 10. 0-0 Qh4 11. Nd2 Ng5 12. Be2 Be7 13. Rf4 Qh6 14. Bh5 g6 15. Bg4 0-0 16. Qf1 a6 17. g3 f5 18. exf6 Bd6 19. Rf2 Bd7 20. Qg2 Ne4 21. Nxe4 dxe4 22. Qxe4 Rae8 23. Qf3 Rf7 24. e4 Qf8 25. e5 Be7 26. Bg5 h6 27. fxe7 Rxf3 28. exf8Q+ Rexf8 29. Rxf3 Rxf3 30. Bxh6 Rf7 31. Rf1 Rxf1+ 32. Kxf1 Bc6 33. Bxe6+ Kh7 34. Bg5 Be4 35. Bd8 c5 36. Bxb6 cxd4 37. cxd4 Kg7 38. Bc5 Kh6 39. h4 a5 40. d5 Bd3+ 41. Kf2 Bc4 42. Ke3 Bxa2 43. Kf4 a4 44. Be3 Kg7 45. Kg5 Bb3 46. g4 Kh7 47. Kf6 a3 48. bxa3 g5 49. hxg5 Kh8 50. d6 Bxe6 51. Kxe6 1-0

[Event "Hillerod Skjold Burne op"]
[Site "Hillerod"]
[Date "2017.10.31"]
[Round "3"]
[White "Hein, Jacob"]
[Black "Ramkilde, Mikael"]
[Result "1/2-1/2"]
[WhiteElo "1460"]
[BlackElo "1950"]
[PlyCount "45"]
[EventDate "2017.10.03"]
[EventType "swiss"]
[EventRounds "4"]
[EventCountry "DEN"]
[SourceTitle "EXT 2024"]
[Source "ChessBase"]
[SourceDate "2023.10.10"]
[SourceVersion "1"]
[SourceVersionDate "2023.10.10"]
[SourceQuality "1"]

1. Nf3 Nf6 2. b3 g6 3. Bb2 Bg7 4. Nc3 d6 5. h3 e5 6. e4 c6 7. a4 0-0 8. Bc4 d5 9. exd5 cxd5 10. Be2 Nc6 11. d4 e4 12. Ne5 Re8 13. 0-0 Nxe5 14. dxe5 Rxe5 15. Nb5 Rg5 16. h4 Rf5 17. Nd4 Rf4 18. g3 Ng4 19. Qd2 Rxf2 20. Rxf2 e3 21. Rxf7 exd2 22. Rxg7+ Kf8 23. Rxh7 1/2-1/2

[Event "Hillerod-ch C"]
[Site "Hillerod"]
[Date "2017.05.09"]
[Round "2"]
[White "Hein, Jacob"]
[Black "Jorgensen, Orla Eilegaard"]
[Result "0-1"]
[WhiteElo "1475"]
[BlackElo "1731"]
[PlyCount "70"]
[EventDate "2017.05.02"]
[EventType "tourn"]
[EventRounds "7"]
[EventCountry "DEN"]
[SourceTitle "EXT 2023"]
[Source "ChessBase"]
[SourceDate "2022.10.05"]
[SourceVersion "1"]
[SourceVersionDate "2022.10.05"]
[SourceQuality "1"]

1. e4 c5 2. Nf3 a6 3. a4 d6 4. d4 cxd4 5. Nxd4 Nc6 6. Nc3 Nf6 7. Bg5 e5 8. Nf5 Bxf5 9. exf5 Be7 10. Bxf6 Bxf6 11. Bc4 Nd4 12. Qh5 0-0 13. 0-0 Qd7 14. Nd5 Qd8 15. Ra3 Rc8 16. Rh3 h6 17. Bd3 Nxc2 18. Ne3 Nxe3 19. fxe3 d5 20. Rd1 Qe7 21. Rg3 Kh8 22. Qg4 e4 23. Bb1 Bxb2 24. Rd4 Bxd4 25. exd4 Rc1+ 26. Kf2 Qf6 27. Rb3 Qxd4+ 28. Kg3 Rxb1 29. Rxb1 Qd3+ 30. Kh4 Qxb1 31. f6 g6 32. Qd7 e3 33. Qe7 Kg8 34. Qxe3 Qe4+ 35. Qxe4 dxe4 0-1

[Event "Hillerod Spar Nord op"]
[Site "Hillerod"]
[Date "2016.10.01"]
[Round "3"]
[White "Sorensen, Bernhard"]
[Black "Hein, Jacob"]
[Result "1-0"]
[WhiteElo "1670"]
[BlackElo "1428"]
[PlyCount "57"]
[EventDate "2016.09.13"]
[EventType "swiss"]
[EventRounds "7"]
[EventCountry "DEN"]
[SourceTitle "EXT 2024"]
[Source "ChessBase"]
[SourceDate "2023.10.10"]
[SourceVersion "1"]
[SourceVersionDate "2023.10.10"]
[SourceQuality "1"]

1. d4 d5 2. Bf4 Bf5 3. e3 f6 4. Nf3 g5 5. Bg3 h5 6. h4 g4 7. Nfd2 Bg6 8. c4 Na6 9. Qb3 e5 10. a3 exd4 11. exd4 Qe7+ 12. Be2 0-0-0 13. cxd5 Re8 14. Qc4 Bh6 15. Nc3 Bf7 16. Rd1 c6 17. Nde4 Bxd5 18. Nxd5 Qxe4 19. Nc3 Qxg2 20. Rf1 Be3 21. Qf7 Re7 22. Qg6 Bh6 23. d5 Qf3 24. Rd3 Be3 25. Bxf3 Bc1+ 26. Kd1 Bxb2 27. Qf5+ Kd8 28. dxc6+ Ke8 29. Qg6+ 1-0